000
00191nam a22000977a 4500
003
SGT
245
_a
Fluoride
260
_b
Springer Publisher
_c
2015-2016
300
_a
360,460
942
_2
ddc
_c
BV
999
_c
30253
_d
30253